000 00722nam a22001937a 4500
005 20250404153147.0
010 _aENG-144494
020 _c250.00
_a9788196085056
035 _aEN-1280026
037 _bDBAD
082 _a363.3
245 _aResearch, Reflection and Community Engagement/
_cEdited By Walter Fernandes [and] Sanjay Barbora
260 _aGuwahati
_bNorth Eastern Social Research Centre
_c2024
270 _aNorth Eastern Social Research Centre Jagriti 2nd Floor, Arunodoi Path, GMCH Road, Christian Basti
_bGuwahati
_e781005
300 _a217p.
_c22cm(pb)
700 _aFernandes, Walter
_eEditor
_980340
700 _aBarbora, Sanjay
_eEditor
_980341
942 _mRES
_2ddc
_cEN
_h363.3
999 _c210832
_d210832